Norma Chilena Oficial NCh 1979 Of87
Enregistré dans:
| Collectivités auteurs: | , |
|---|---|
| Format: | Livre |
| Langue: | espagnol |
| Publié: |
Santiago
Instituto Nacional de Normalización
1987
|
| Édition: | 1a. ed |
| Sujets: | |
| Tags: |
Ajouter un tag
Pas de tags, Soyez le premier à ajouter un tag!
|
MARC
| LEADER | 00000nam a2200000 a 4500 | ||
|---|---|---|---|
| 001 | UCK5791 | ||
| 003 | CL-VaPUC | ||
| 008 | 050826e19870000CL |||||||||||||||||spa|d | ||
| 082 | 0 | 4 | |a 620.86 |b INS |2 21 |
| 110 | 2 | |a Instituto Nacional de Normalización |e author |9 494739 | |
| 710 | 2 | |a INN |e author |9 494740 | |
| 245 | 1 | 0 | |a Norma Chilena Oficial NCh 1979 Of87 |
| 246 | 1 | 0 | |a Prevención de incendio en edificios - Determinación del comportamiento de telas a la acción de una llama |
| 250 | |a 1a. ed | ||
| 300 | |a 14 p | ||
| 942 | |c BK | ||
| 945 | |d 20050826 00:00:00 |a cmena | ||
| 260 | |a Santiago |b Instituto Nacional de Normalización |c 1987 | ||
| 650 | 0 | |a Prevención de incendios |9 421376 | |
| 650 | 0 | |a Edificios |9 260501 | |
| 650 | 7 | |a TEXTILES |2 CL-VaPUC |9 369461 | |
| 650 | 0 | |a Medidas de seguridad |9 264085 | |
| 583 | |a last modification |c 20050826 00:00:00 |k Rodrigo Vera | ||
| 999 | |c 314254 |d 314252 | ||